Leben und Werk der pommerschen Schriftstellerin Else Seel in Kanada

Titel: Leben und Werk der pommerschen Schriftstellerin Else Seel in Kanada / Otto Witte
Verfasser:
In: Pommern, Band 18, Heft 4 (1980), Seite 17-19
alle Artikel anzeigen
Veröffentlicht: 1980
Umfang: Illustrationen
Format: Aufsatz
Sprache: Deutsch
Schlagworte:
Kein Bild verfügbar
X
alg: 43254623
001A    $03025:13-06-18 
001B    $01999:13-06-18 $t22:44:47.000 
001C    $03025:13-06-18 $t13:25:55.000 
001D    $03025:13-06-18 
001U    $0utf8 
001X    $00 
002@    $0Aou 
002C    $aText $btxt $2rdacontent 
002D    $aohne Hilfsmittel zu benutzen $bn $2rdamedia 
002E    $aBand $bnc $2rdacarrier 
003@    $0432546235 
007A    $0432546235 $aHEB 
010@    $ager 
010E    $erda 
011@    $a1980 
021A    $aLeben und Werk der pommerschen Schriftstellerin Else Seel in Kanada $hOtto Witte 
028A    $BVerfasser $#Witte, O. $4aut $7173468071 $8Witte, Otto$Z1903-1997 [Tp3] $9291408222 
031A    $d18 $e4 $h17-19 $j1980 
034M    $aIllustrationen 
039B    $aEnthalten in $8--Abvc--. Pommern. - Greifswald : Pommersche Stiftung für historische Bildung, 1967-. - ISSN 0032-4167 $x198000000180004983 $9048244473 
044K    $#Lübcke, Emma Else $#Seel, Else L. $#Lübcke-Seel, Else $#Seel, Else Lübcke- $7118760459 $8Seel, Else$Z1894-1974 [Tp1] $9087101130 
044K    $RSchivelbein $#Schivelbein $75097034-3 $8Świdwin [Tg1] $9045092435 
044K    $RAutorin $RSchriftsteller $#Women novelists $#Romancières $#Narratrici $#Dichterin $74053311-6 $8Schriftstellerin [Ts1] $9085148059 
045R    $aGeschichte 1894-1974 
045T    $a7,41 $a8,1 

lok: 43254623 78

exp: 43254623 78 1 #EPN
201B/01 $013-06-18 $t13:24:34.000 
201C/01 $013-06-18 
201U/01 $0utf8 
203@/01 $01023535920 
208@/01 $a13-06-18 $be 
209A/01 $a/ $f000 $x00 
209A/01 $ab*p $x01 
220C/01 $awma 
244Z/01 $#Pommern $#Pommern $#Herzogtum Pommern $#Herzogthum Pommern $#Provinz Pommern $#Pomorze $74046744-2 $8--Tg1--Pommern $x06 $9085130354 
247C/01 $82080>Marburg/Lahn, Herder-Institut, Forschungsbibliothek, Bibliographieportal $9336309341
LEADER 00000caa a2200000 c 4500
001 432546235
003 DE-603
005 20180613224447.0
007 tu
008 180613s1980 xx |||| | u00||u|ger c
035 |a (DE-599)HEB432546235 
040 |a DE-603  |b ger  |c DE-603  |d DE-603  |e rda 
041 |a ger 
084 |a 7,41  |a 8,1  |2 ssgn 
100 1 |a Witte, Otto  |d 1903-1997  |e Verfasser  |4 aut  |0 (DE-603)291408222  |0 (DE-588)173468071  |2 gnd 
245 0 0 |a Leben und Werk der pommerschen Schriftstellerin Else Seel in Kanada  |c Otto Witte 
264 0 |c 1980 
300 |b Illustrationen 
336 |a Text  |b txt  |2 rdacontent 
337 |a ohne Hilfsmittel zu benutzen  |b n  |2 rdamedia 
338 |a Band  |b nc  |2 rdacarrier 
600 1 7 |a Seel, Else  |d 1894-1974  |0 (DE-588)118760459  |0 (DE-603)087101130  |2 gnd 
648 7 |a Geschichte 1894-1974  |2 gnd 
650 7 |a Schriftstellerin  |0 (DE-588)4053311-6  |0 (DE-603)085148059  |2 gnd 
651 7 |a Świdwin  |0 (DE-588)5097034-3  |0 (DE-603)045092435  |2 gnd 
773 0 8 |i Enthalten in  |t Pommern  |d Greifswald : Pommersche Stiftung für historische Bildung, 1967-  |h 30 cm  |x 0032-4167  |g Band 18, Heft 4 (1980), Seite 17-19  |w (DE-603)048244473  |w (DE-600)958645-3 
924 0 |9 2080  |a (DE-603)1023535920  |b DE-2080  |c HES  |d d  |g /